| 000 | 00895nam a2200265 i 4500 | ||
|---|---|---|---|
| 001 | 6615 | ||
| 003 | ES-MaACL | ||
| 005 | 20230906145021.0 | ||
| 007 | t| | ||
| 008 | 900118s1988 sp ||||1| spa d | ||
| 020 | _a84-505-7783-7 | ||
| 080 | _a86-14"19" | ||
| 080 | _a86(Lezano,P.3 P.01) | ||
| 100 | 1 |
_aLezcano, Pedro. _972124 |
|
| 245 | 1 | 0 |
_aPaloma o herramienta _b: (antologia) / _cPedro Lezcano ; edicion de Teresa Cancio. |
| 260 |
_a[Santa Cruz de Tenerife] : _bViceconsejería de Cultura y Deportes, _c1988. |
||
| 300 |
_a214 p. ; _c21 cm. |
||
| 490 | 1 |
_aBiblioteca básica canaria ; _v34 |
|
| 504 | _aBibliografía : p. 205-214. | ||
| 700 | 1 |
_aCancio, Teresa. _934436 |
|
| 710 | 1 |
_aCanarias. _bViceconsejería de Cultura y Deportes. _92427 |
|
| 830 | 0 |
_aBiblioteca básica canaria ; _v34 _9177611 |
|
| 852 |
_aES-MaACL _jL-13786 _bR.116047 _z. - rust. |
||
| 999 |
_c6615 _d6615 |
||